| 000 | 00657nam a2200121Ia 4500 | ||
|---|---|---|---|
| 008 | 220620s9999||||xx |||||||||||||| ||und|| | ||
| 100 | _aDunajeva, Jekatyerina | ||
| 245 | 0 |
_aConstructing Identities over Time _b“Bad Gypsies†and “Good Roma†in Russia and Hungary |
|
| 546 | _aEnglish[eng] | ||
| 650 | _aSocial History||Russia & The Former Soviet Union||Eastern Europe | ||
| 856 | _uhttps://library.oapen.org/bitstream/20.500.12657/52222/1/SID-0000003629211.pdf||https://library.oapen.org/bitstream/20.500.12657/52222/1/SID-0000003629211.pdf||https://library.oapen.org/bitstream/20.500.12657/52222/1/SID-0000003629211.pdf | ||
| 942 | _cEB | ||
| 999 |
_c29334 _d29334 |
||